Countries With the Highest Life Expectancy By Continent - Statistics

General Stats
  • This quiz has been taken 81 times
  • The average score is 28 of 36
Answer Stats
Continent Life Expectancy Answer % Correct
Asia 84.95 Japan
99%
Oceania 83.73 Australia
96%
North America 83.02 Canada
96%
Oceania 83.16 New Zealand
96%
North America 79.74 United States
96%
South America 77.98 Argentina
93%
South America 81.16 Chile
91%
Asia 84.14 South Korea
91%
South America 78.16 Uruguay
88%
Europe 83.65 Sweden
87%
South America 77.51 Colombia
86%
Europe 84.20 Italy
86%
Europe 83.55 Norway
86%
Asia 84.27 Singapore
86%
Africa 75.20 Morocco
84%
South America 76.96 Peru
84%
Europe 84.05 Spain
84%
South America 78.08 Ecuador
83%
Europe 84.38 Switzerland
80%
Oceania 72.75 Samoa
78%
Oceania 70.86 Solomon Islands
78%
Africa 77.34 Algeria
75%
North America 80.26 Costa Rica
75%
Africa 76.94 Tunisia
75%
North America 78.33 Cuba
74%
Oceania 71.41 Tonga
74%
Oceania 70.69 Vanuatu
74%
North America 78.56 Panama
72%
Asia 81.73 Qatar
70%
Asia 83.39 Israel
65%
Africa 75.69 Mauritius
64%
Europe 83.85 Malta
62%
Africa 75.00 Seychelles
58%
Africa 76.93 Cape Verde
54%
North America 79.42 Antigua and Barbuda
52%
Asia 82.05 Cyprus
48%
No matching quizzes found
Score Distribution
Percent of People with Each Score
Percentile by Number Answered
Your Score History
You have not taken this quiz